|
|
|
|
| LEADER |
00000naa2a2200000 4500 |
| 001 |
626672 |
| 005 |
20231102024225.0 |
| 035 |
|
|
|a (RuTPU)RU\TPU\conf\26170
|
| 035 |
|
|
|a RU\TPU\conf\26152
|
| 090 |
|
|
|a 626672
|
| 100 |
|
|
|a 20180423d2018 k y0rusy50 ca
|
| 101 |
0 |
|
|a rus
|
| 102 |
|
|
|a RU
|
| 105 |
|
|
|a y z 101zy
|
| 135 |
|
|
|a drcn ---uucaa
|
| 181 |
|
0 |
|a i
|
| 182 |
|
0 |
|a b
|
| 200 |
1 |
|
|a Современные проблемы развития предприятий машиностроительной отрасли на примере "Юрмаш"
|f Х. Н. Фатохов, Ш. С. Нозирзода
|g науч. рук. В. А. Пономарев
|
| 203 |
|
|
|a Текст
|c электронный
|
| 225 |
1 |
|
|a Гуманитарные науки и лингвистика в техническом вузе
|
| 230 |
|
|
|a 1 компьютерный файл (pdf; 124 Kb)
|
| 300 |
|
|
|a Заглавие с экрана
|
| 320 |
|
|
|a [Библиогр.: с. 161 (6 назв.)]
|
| 463 |
|
0 |
|0 (RuTPU)RU\TPU\conf\26047
|t Прогрессивные технологии и экономика в машиностроении
|o сборник трудов IX Всероссийской научно-практической конференции для студентов и учащейся молодежи, 5-7 апреля 2018 г., Юрга
|f Национальный исследовательский Томский политехнический университет (ТПУ), Юргинский технологический институт (ЮТИ) ; под ред. Д. А. Чинахова
|v [С. 159-161]
|d 2018
|
| 610 |
1 |
|
|a электронный ресурс
|
| 610 |
1 |
|
|a труды учёных ТПУ
|
| 610 |
1 |
|
|a современные проблемы
|
| 610 |
1 |
|
|a машиностроительная отрасль
|
| 610 |
1 |
|
|a Юрмаш
|
| 610 |
1 |
|
|a перспективы развития
|
| 610 |
1 |
|
|a модернизация
|
| 610 |
1 |
|
|a инновационная деятельность
|
| 610 |
1 |
|
|a машиностроительные комплексы
|
| 700 |
|
1 |
|a Фатохов
|b Х. Н.
|
| 701 |
|
1 |
|a Нозирзода
|b Ш. С.
|
| 702 |
|
1 |
|a Пономарев
|b В. А.
|c специалист в области организации высшего профессионального образования, писатель
|c доцент Юргинского технологического института (филиала) Томского политехнического университета
|f 1959-
|g Владимир Алексеевич
|2 stltpush
|4 727
|9 10825
|
| 712 |
0 |
2 |
|a Национальный исследовательский Томский политехнический университет (ТПУ)
|b Юргинский технологический институт (филиал) (ЮТИ)
|b Кафедра гуманитарного образования и иностранных языков (ГОИЯ)
|h 5788
|2 stltpush
|3 (RuTPU)RU\TPU\col\18978
|
| 801 |
|
2 |
|a RU
|b 63413507
|c 20180426
|g RCR
|
| 856 |
4 |
|
|u http://earchive.tpu.ru/handle/11683/47122
|
| 942 |
|
|
|c BK
|